World Cup 1998 Goalscorers - Statistics

General Stats
  • This quiz has been taken 30 times
  • The average score is 38 of 106
Answer Stats
Answer % Correct
Ronaldo
96%
Zinédine Zidane
88%
Rivaldo
83%
Emmanuel Petit
79%
Michael Owen
79%
Alan Shearer
75%
David Beckham
75%
Davor Šuker
75%
Gabriel Batistuta
75%
Laurent Blanc
75%
Ronald de Boer
75%
Jürgen Klinsmann
71%
Thierry Henry
71%
Paul Scholes
67%
David Trezeguet
63%
Lilian Thuram
63%
Raul
63%
Christian Vieri
58%
Dennis Bergkamp
58%
Oliver Bierhoff
58%
Patrick Kluivert
58%
Roberto Baggio
58%
Seok-Ju Ha
58%
Marc Overmars
54%
Luis Hernández
50%
Ariel Ortega
46%
Bebeto
46%
Christophe Dugarry
46%
Claudio Lopez
46%
Cuauhtémoc Blanco
46%
Fernando Morientes
46%
Marcelo Salas
46%
Youri Djorkaeff
46%
Bixente Lizarazu
42%
Brian Laudrup
42%
Håvard Flo
42%
Hierro
42%
Javier Zanetti
42%
Michael Laudrup
42%
Tore André Flo
42%
Robert Prosinečki
38%
Andreas Moller
33%
César Sampaio
33%
Edgar Davids
33%
Kiko
33%
Luis Enrique
33%
Marc Wilmots
33%
Mustapha Hadji
33%
Peter Moller
33%
Predrag Mijatovic
33%
Sunday Oliseh
33%
Bolo Zenden
29%
Emil Kostadinov
29%
Mario Stanic
29%
Toni Polster
29%
Victor Ikpeba
29%
Viorel Moldovan
29%
Abdeljalil Hadda
25%
Benny McCarthy
25%
Dan Petrescu
25%
Darren Anderton
25%
Ebbe Sand
25%
Goran Vlaovic
25%
John Collins
25%
Luigi Di Biagio
25%
Martin Jorgensen
25%
Patrick M'Boma
25%
Pierre Van Hooijdonk
25%
Robert Jarni
25%
Sami Al-Jaber
25%
Thomas Helveg
25%
Tijjani Babangida
25%
Adrian Ilie
21%
Andreas Herzog
21%
Celso Ayala
21%
Dragan Stojkovic
21%
Mauricio Pineda
21%
Phillip Cocu
21%
Pierre Njanka
21%
Sinisa Mihajlovic
21%
Alberto García Aspe
17%
Allan Nielsen
17%
Dan Eggen
17%
José Cardozo
17%
Kjetil Rekdal
17%
Luc Nilis
17%
Marc Rieper
17%
Mehdi Mahdavikia
17%
Robbie Earle
17%
Shaun Bartlett
17%
Brian McBride
13%
Craig Burley
13%
Hamid Estili
13%
Jose Luis Sierra
13%
Mutiu Adepoju
13%
Salaheddine Bassir
13%
Slobodan Komljenović
13%
Masashi Nakayama
8%
Miguel Benítez
8%
Sang-chul Yoo
8%
Theodore Whitmore
8%
Wilson Oruma
8%
Leider Preciado
4%
Ricardo Pelaez
4%
Skandar Souayah
4%
Youssef Al-Tunian
4%
No matching quizzes found
Score Distribution
Percent of People with Each Score
Percentile by Number Answered
Your Score History
You have not taken this quiz